000 00548cam a2200217 a 4500
001 4752466
005 20180206032033.0
008 860102s1986 nyu be 000 0 eng
010 _a 85031212
020 _a0816014248
040 _aDLC
_cDLC
_dDLC
041 _aeng
080 _a305.420321 TUT
082 0 0 _a305.420321 TUT
_219
100 1 _a50
101 _aSOC
245 1 0 _aEncyclopedia of feminism /
_cLisa Tuttle.
504 _aBibliography: p. 379-399.
906 _a7
_bcbc
_corignew
_d1
_eocip
_f19
_gy-gencatlg
942 _2ddc
_cBK
999 _c41844
_d41844